000 00313 a2200145 4500
001 170379
020 _a
040 _cMagnum
100 _aAshworth, Julie
240 1 0 _aThe hunt for goldilocks
_lING
245 1 0 _aThe hunt for goldilocks
362 0 _a1899
697 _aLITERATURA ESTRANGEIRA
942 _cBK
999 _c170379
_d170379